Hungary/Australia Economics Forum. 15 January, 1991-Budapest, Hungary

Salvato in:
Dettagli Bibliografici
Altri autori: Felvinczi, Tamás
Natura: Libro
Lingua:inglese
Pubblicazione: Budapest Institute for World Economics of the Hungarian Academy of Sciences 1991
Edizione:1. ed.
Soggetti:
Tags: Aggiungi Tag
Nessun Tag, puoi essere il primo ad aggiungerne!!

MARC

LEADER 00000nam a2200000 4500
001 c005462
005 20221214093747.6
020 |a 963-301-153-1 
041 0 |a eng 
044 |a HU 
245 1 0 |a Hungary/Australia  |b Economics Forum. 15 January, 1991-Budapest, Hungary  |c Edit. Tamás Felvinczi 
250 |a 1. ed. 
264 1 |a Budapest  |b Institute for World Economics of the Hungarian Academy of Sciences  |c 1991 
300 |a 93 s. 
610 2 0 |a integrácia ekonomická medzinárodná 
610 2 0 |a Maďarsko 
610 2 0 |a Austrália 
700 1 |a Felvinczi, Tamás